The role of the public sector in realising the benefits of Scotland's rural land (Record no. 110238)

MARC details
000 -LEADER
fixed length control field 01197cad a22002655a 4500
001 - CONTROL NUMBER
control field E148809
008 - FIXED-LENGTH DATA ELEMENTS--GENERAL INFORMATION
fixed length control field 091111s2009 xxk f s000 0 eng d
020 ## - INTERNATIONAL STANDARD BOOK NUMBER
International Standard Book Number 9780755977154
035 ## - SYSTEM CONTROL NUMBER
System control number (Sirsi) u148809
041 0# - LANGUAGE CODE
Language code of text/sound track or separate title eng
050 04 - LIBRARY OF CONGRESS CALL NUMBER
Classification number 346.410438 $2 18
100 1# - MAIN ENTRY--PERSONAL NAME
Personal name Moxey, Andrew
245 04 - TITLE STATEMENT
Title The role of the public sector in realising the benefits of Scotland's rural land
Medium [electronic resource]
260 ## - PUBLICATION, DISTRIBUTION, ETC.
Place of publication, distribution, etc. Edinburgh
Name of publisher, distributor, etc. Scottish Government Social Research
Date of publication, distribution, etc. 2009
490 #0 - SERIES STATEMENT
Series statement Agriculture, Fisheries and Rural Affairs Research Findings
Volume/sequential designation (10) 2009
520 ## - SUMMARY, ETC.
Summary, etc. Presents the results of research carried out as part of the Scottish Government Rural Land Use Study. The research looked at how the public sector might facilitate approaches that result in a range of benefits from Scotland's rural land.
521 ## - TARGET AUDIENCE NOTE
Target audience note Advanced
590 ## - LOCAL NOTE (RLIN)
Local note KA
651 #4 - SUBJECT ADDED ENTRY--GEOGRAPHIC NAME
Geographic name Scotland
Chronological subdivision 1999-
690 ## - LOCAL SUBJECT ADDED ENTRY--TOPICAL TERM (OCLC, RLIN)
Topical term or geographic name as entry element PROPERTY-RURAL AND NATURAL ASSETS-RURAL AND NATURAL ASSET MANAGEMENT-LAND MANAGEMENT
700 1# - ADDED ENTRY--PERSONAL NAME
Personal name Robinson, Richard
700 1# - ADDED ENTRY--PERSONAL NAME
Personal name Swales, Vicky
856 40 - ELECTRONIC LOCATION AND ACCESS
Uniform Resource Identifier <a href="https://www.scotland.gov.uk/Publications/2009/11/05143134/0">https://www.scotland.gov.uk/Publications/2009/11/05143134/0</a>
Public note View the report free of charge at www.scotland.gov.uk...
942 ## - ADDED ENTRY ELEMENTS (KOHA)
Suppress in OPAC 0
Holdings
Withdrawn status Lost status Source of classification or shelving scheme Damaged status Not for loan Home library Current library Shelving location Date acquired Total Checkouts Full call number Barcode Date last seen Copy number Price effective from Koha item type
    Dewey Decimal Classification     Virtual Virtual Online 11/11/2009   ONLINE PUBLICATION 148809-2001 06/08/2019 1 06/08/2019 Book